000 00545cam a22001814a 4500
005 20250605164353.0
008 250528s ||||||||||||||||||||||||d
035 _a24151
040 _aGR-AtMCL
_bgre
_dGR-AtMCL
_eAACR2
245 1 _aAugmented/ Virtual/ Mixed Reality
260 _bEe Times Europe,
_c2020
300 _a59
520 _aSelf-Driving at Safe Speeds, High Power with SiC and GaN, Top 10 Processors for AI Acceleration at the Endpoint.
700 1 _aOjo Bojaji
_99415
942 _cCR
999 _c9048
_d9048